00500nam a2200109Ia 4500008004100000100002300041245018000064260004600244300001800290650001300308856006900321160712s9999 xx 000 0 und d aVillan, Vicente C. cVicente C. VillanaLawas, Buut, Patugsiling, 'Ag Dungan: Isang Pag-unawa sa Papel ng Kinagisnang Sikolohiya sa Kasaysayang Kolonyal at Himagsikang Pilipino sa Panay, 1896-1898 c2013bDaluyan: Journal ng Wikang Filipino avol. 19 no. 2 xFILIPINO uhttp://journals.upd.edu.ph/index.php/djwf/issue/view/396/showToc